魏晉南北朝志怪選

資料類型: Book 圖書   書目號:52048

Leader xxxxxxxxxx
001 __ 102520/5/05
005 __ 20180426083507.770
010 0_ |a9789571516394|b平裝|d新臺幣750元
042 __ |anbic
100 __ |a20180426d2011    k  y0chiy50      b
101 0_ |achi
102 __ |atw
105 __ |aa   z   001ay
200 1_ |a魏晉南北朝志怪選|f尤雅姿注釋
205 __ |a修訂版
210 __ |a臺北市|c臺灣學生書局|d2011[民100]
215 0_ |a[18],503面|c圖,表|d23公分
300 __ |a含索引
300 __ |a參考書目:面501-503
700 _1 |a|b雅姿|4注釋
681 __ |a857.23|b8343
801 _0 |atw|bLibDipper|c20180426|gCCR
詳細館藏 1-5 筆 (共 5 筆)
索 書 號登 錄 號冊次號館別 / 館藏地流通類型狀態加入預約清單電子資源
857.23 / 8343 1025205  圖書館 / 一樓普通區 可外借30天 在館   
857.23 / 8343 1025206  圖書館 / 一樓普通區 可外借30天 在館   
857.23 / 8343 1025207  圖書館 / 一樓普通區 可外借30天 在館   
857.23 / 8343 1025208  圖書館 / 一樓普通區 可外借30天 在館   
857.23 / 8343 1025209  圖書館 / 一樓普通區 可外借30天 在館   

| 條列資料




目錄查詢 分類查詢 個人資料 圖書薦購 新書查詢 閉館日 排行榜 更多電子資源 Hami書城 線上資料庫 登出

From : 216.73.217.87

  本日流通累計至 02:17:06 借閱 : 0 次 續借 : 0 次 歸還 : 0 次 預約 : 0 次 電子資源 : 0 次


內湖高中圖書館  PCLIS 版本  26.5.0.12